| 000 | 00593nam a2200181Ia 4500 | ||
|---|---|---|---|
| 008 | 090124s9999 xx 000 0 und d | ||
| 082 |
_b26732 _a3498 |
||
| 100 | _aलिंबाळे शरणकुमार | ||
| 245 | _a भारतीय दलित पँथर | ||
| 250 | _a1 | ||
| 260 | _c1992 | ||
| 300 | _a121 | ||
| 600 | _aलिंबाळे शरणकुमार | ||
| 630 | _a भारतीय दलित पँथर | ||
| 700 | _aलिंबाळे शरणकुमार | ||
| 730 | _a भारतीय दलित पँथर | ||
| 942 | _cBOOK | ||
| 999 |
_c140204 _d140204 |
||